000
00253nam a22001217a 4500
008
170821b xxu||||| |||| 00| 0 eng d
041
_a
eng
080
_a
51
100
_a
37
101
_a
MAT
245
_a
COLEEGE ALGEBRA
_c
SISSON.P
942
_2
udc
_c
BK
999
_c
24251
_d
24251